Miguel Hernández : (Record no. 181870)

MARC details
000 -LEADER
campo de control de longitud fija 01160nam a2200301 i 4500
001 - NÚMERO DE CONTROL
campo de control 181870
003 - IDENTIFICADOR DE NÚMERO DE CONTROL
campo de control ES-MaACL
005 - FECHA Y HORA DE LA ÚLTIMA TRANSACCIÓN
campo de control 20240122153211.0
008 - DATOS DE LONGITUD FIJA--INFORMACIÓN GENERAL
campo de control de longitud fija 130503s2012 sp | |||||||| | spa d
020 ## - NÚMERO INTERNACIONAL ESTÁNDAR DEL LIBRO
Número Internacional Estándar del Libro 978-84-92877-35-5
080 ## - NÚMERO DE LA CLASIFICACIÓN DECIMAL UNIVERSAL
Número de la Clasificación Decimal Universal 821.134.2 Hernández, Miguel 1.07
080 ## - NÚMERO DE LA CLASIFICACIÓN DECIMAL UNIVERSAL
Número de la Clasificación Decimal Universal 821.134.2(7/8)-1.09"18/19"
080 ## - NÚMERO DE LA CLASIFICACIÓN DECIMAL UNIVERSAL
Número de la Clasificación Decimal Universal 791.862(0:82)
100 1# - ENTRADA PRINCIPAL--NOMBRE DE PERSONA
Nombre de persona Balcells, José María,
Fechas asociadas al nombre 1943-
9 (RLIN) 24862
245 10 - MENCIÓN DEL TÍTULO
Título Miguel Hernández :
Resto del título espejos americanos y poéticas taurinas /
Mención de responsabilidad, etc. José María Balcells.
250 ## - MENCION DE EDICION
Mención de edición 1ª ed.
260 ## - PUBLICACIÓN, DISTRIBUCIÓN, ETC.
Lugar de publicación, distribución, etc. Torrejón de la Calzada, Madrid :
Nombre del editor, distribuidor, etc. Devenir,
Fecha de publicación, distribución, etc. 2012.
300 ## - DESCRIPCIÓN FÍSICA
Extensión 332 p. ;
Dimensiones 22 cm.
490 1# - MENCIÓN DE SERIE
Mención de serie Devenir ensayo ;
Designación de volumen o secuencia 25
600 14 - PUNTO DE ACCESO ADICIONAL DE MATERIA--NOMBRE DE PERSONA
Nombre de persona Hernández, Miguel,
Fechas asociadas al nombre 1910-1942-
Subdivisión general Crítica e interpretación
9 (RLIN) 62846
650 #4 - PUNTO DE ACCESO ADICIONAL DE MATERIA--TÉRMINO DE MATERIA
Término de materia o nombre geográfico como elemento de entrada Poesía hispanoamericana-
Subdivisión cronológica S.XX-
Subdivisión general Historia y crítica.
9 (RLIN) 142001
650 #4 - PUNTO DE ACCESO ADICIONAL DE MATERIA--TÉRMINO DE MATERIA
Término de materia o nombre geográfico como elemento de entrada Corridas de toros-
Subdivisión general En la literatura.
9 (RLIN) 152674
830 1# - PUNTO DE ACCESO ADICIONAL DE SERIE-TÍTULO UNIFORME
Título uniforme Devenir ensayo ;
Designación de volumen o secuencia 25
9 (RLIN) 184485
852 4# - LOCALIZACIÓN
Ubicación ES-MaACL
Número de control de estantería A-12683
itemnumber 188778
Sublocalización o colección R.148794
Ubicación en estantería Depósito 1
Signatura antigua Olim: N-5684
Encuadernación Donación: José Luis Abellán
903 ## - NOMBRE PERSONAL DE DONANTE
a Abellán, José Luis,
d 1933-2023
e Donante
q 1
9 176509
942 ## - ELEMENTOS DE ENTRADA SECUNDARIOS (KOHA)
Fuente del sistema de clasificación o colocación Clasificación decimal universal
Tipo de ítem Koha Libro impreso
Holdings
Estatus retirado Estado de pérdida Fuente del sistema de clasificación o colocación Estado de daño No para préstamo Biblioteca de origen Biblioteca actual Ubicación en estantería Fecha de adquisición Fuente de adquisición Total de préstamos Signatura topográfica completa Código de barras Visto por última vez Precio de reemplazo Tipo de ítem Koha
    Clasificación decimal universal     Biblioteca del Ateneo de Madrid Biblioteca del Ateneo de Madrid Depósito 1 03/05/2013 Donación   A-12683 1191128 23/02/2023 23/02/2023 Libro impreso